Z Turca

Bibliographic Details
Main Author: Duchajová-Švehlová, Želmíra, 1880-1955 (Author)
Format: Article
Language:Slovak
Subjects:

MARC

LEADER 00000nab a22000001a 4500
001 vtls008999623
003 SK-MaSNL
005 20260303165231.0
008 070618d1937 xo |r|p|||| |000 b|slo
015 |a SNBRRBVU1918-1938 
038 |a SNKBUCL 
038 |a SNKBUVU 
040 |a SNKBUVU  |b slo  |c SNKBUCL  |e AACR2 
041 0 |a slo 
044 |a xo  |c SK 
080 |a 75.051:75.021.32  |2 1997 
080 |a 75.021.32  |2 1997 
100 1 |a Duchajová-Švehlová, Želmíra,  |d 1880-1955   |4 aut  |9 108078 
245 1 0 |a Z Turca  |c Želmíra Duchajová 
650 0 7 |a slovenské maliarstvo  |2 MM  |9 3124 
650 0 7 |a olejomaľba  |2 MM  |9 30054 
651 7 |a Turiec (Slovensko : región)  |2 snkbucl  |9 238871 
655 7 |a reprodukcie výtvarných diel  |2 MM  |9 310790 
773 0 |t Živena  |g Roč. 27, č. 8-9 (1937), s. 203 
852 |a SNK  |b KIS3GCP 
910 |a snkrbvumm 
958 |a VY 
999 |c 2070563  |d 2072493